Statistiken für Gemeinden Landkreis Forchheim

Klicken Sie hier um das Quiz zu spielen!

Allgemein

  • Dieses Quiz wurde 70 mal gespielt
  • Das Durchschnittsergebnis liegt bei 20 aus 29

Antwortstatistiken

EinwohnerGemeindeartGemeinde% Korrekt
32.260Große KreisstadtForchheim
98%
6.978StadtEbermannstadt
96%
4.044MarktGößweinstein
84%
4.152StadtGräfenberg
84%
2.061MarktEgloffstein
78%
2.480MarktWiesenttal
76%
6.587MarktEggolsheim
73%
3.792GemeindeHausen
73%
2.208GemeindeKirchehrenbach
73%
8.121MarktNeunkirchen am Brand
73%
2.550GemeindeEffeltrich
71%
2.356MarktPretzfeld
71%
1.997GemeindeWeilersbach
69%
5.061GemeindeHeroldsbach
67%
4.202GemeindeHallerndorf
64%
5.084MarktIgensdorf
64%
1.970GemeindePinzberg
64%
1.494GemeindePoxdorf
62%
2.059GemeindeDormitz
60%
1.429GemeindeKunreuth
58%
3.124GemeindeLangensendelbach
58%
1.662GemeindeLeutenbach
58%
2.211GemeindeObertrubach
58%
1.171GemeindeWeißenohe
58%
1.350GemeindeHetzles
56%
1.542MarktHiltpoltstein
56%
1.607GemeindeWiesenthau
56%
1.192GemeindeUnterleinleiter
51%
1.459GemeindeKleinsendelbach
49%

Verteilung der Resultate

Perzentil nach korrekt beantworteten Fragen

Anzahl Personen mit jedem Resultat

Ihre Resultats-Entwicklung

Sie haben dieses Quiz noch nicht gespielt